| 000 | 00464nam a2200181Ia 4500 | ||
|---|---|---|---|
| 001 | 1371 | ||
| 005 | 20260306143723.0 | ||
| 008 | 260306t1993||||xx |||||||||||||| ||spa|| | ||
| 041 | _aESP | ||
| 082 |
_a196.1 _bO73R |
||
| 100 |
_aOrtega y Gasset, José _eAUT |
||
| 245 | 4 |
_aThe revolt of the masses: _bauthorized translation from the spanish |
|
| 260 | _c1993 | ||
| 300 |
_a190 páginas : _c21 cm. |
||
| 650 | _aGEN | ||
| 654 | _aCHU | ||
| 942 |
_cLIB _dJUS _fJUS _2ddc _n |
||
| 999 |
_c1371 _d1371 |
||